Catalog

Record Details

Catalog Search



Dějiny antické filosofie  Cover Image Book Book

Dějiny antické filosofie / Dušan Machovec

Machovec, Dušan (Author).

Record details

  • Physical Description: 187 s.
  • Edition: Třetí nezměněné
  • Publisher: Praha Státní pedagogické nakladatelství 1966

Available copies

  • 1 of 1 copy available at Common Catalog SPOK.

Holds

  • 0 current holds with 1 total copy.
Show Only Available Copies
Location Call Number / Copy Notes Barcode Shelving Location Status Due Date
ETS Library 100 424470012142 Volný výběr Available -

LDR 00693nam a2 00253
00139595
003CZ-PrJAB
00520100730000000.0
008100730s1966 xr e |||| |cze
009cz
035 . ‡a(CONS)1905
035 . ‡aKPS13428
040 . ‡aABG450
041 . ‡acze
08214. ‡a100
100 . ‡77169 ‡aMachovec, Dušan
245 . ‡aDějiny antické filosofie / ‡cDušan Machovec
250 . ‡aTřetí nezměněné
260 . ‡aPraha ‡bStátní pedagogické nakladatelství ‡c1966
300 . ‡a187 s.
490 . ‡aUčební texty vysokých škol
653 . ‡aDějiny antické filosofie
8524 . ‡bETS ‡bETS ‡cVolný výběr ‡j100 ‡gA ‡p424470012142
910 . ‡aABG450
999 . ‡a1905 ‡bAUTOGEN ‡c1905 ‡tbiblio
905 . ‡uadmin
901 . ‡a39595 ‡b ‡c39595 ‡tbiblio ‡sets

Additional Resources